| 000 | 00795nam a2200289Ia 4500 | ||
|---|---|---|---|
| 001 | 48463 | ||
| 003 | IT-RoPAU | ||
| 008 | 130308s9999 xx 000 0 und d | ||
| 040 | _aIT-RoPAU | ||
| 040 | _cIT-RoPAU | ||
| 041 | _aITALIANO | ||
| 100 | _aBertolini Piero | ||
| 100 | _gCodice Aut. SPICS: 9233 | ||
| 245 | _aMetodologia e didattica dell'educazione musicale | ||
| 245 | _bNuovi programmi di Educazione Musicale nella Scuola dell'obbligo (I) | ||
| 250 | _a1a ed. | ||
| 260 | _aROMA | ||
| 260 | _bCidim | ||
| 260 | _c1984 [1° Ed.:1984 - Ed.Ling.Originale:1980] | ||
| 300 | _a"2 p. (prefazione: no ; testo: 2 [pagine: 55-56])" | ||
| 650 | _aEDUCAZIONE ALLA MUSICA | ||
| 650 | _eCodice materia Spics: 7012 | ||
| 942 | _cBK | ||
| 957 | _71 | ||
| 999 |
_c60714 _d60714 |
||
| 999 | _bSI | ||
| 999 | _g1 | ||